Statistics for French Cities by Clue

Click here to take the quiz!

General Stats

  • This quiz has been taken 51 times
  • The average score is 15 of 24

Answer Stats

Clue Answer % Correct
Notre-Dame, Seine, Eiffel towerParis
93%
Sun King, Rococo, Hall of MirrorsVersailles
91%
Film festival, La Croisette, Île Sainte-MargueriteCannes
89%
Mustard, Burgundy, KirDijon
84%
Riviera, Promenade des Anglais, SaladNice
82%
Red wine, Atlantic coast, GirondinsBordeaux
80%
UE Parliament, Petite-France, RhineStrasbourg
78%
Château d'If, Calanques,
National anthem
Marseille
76%
Popes, Bridge, Arts festivalAvignon
73%
Spa, Bottled water, Lake GenevaÉvian-les-Bains
71%
Roubaix, Belgian border, De GaulleLille
60%
Bourgeois, Chunnel, MancheCalais
60%
Champagne, Cathedral, ArchdioceseReims
58%
Pepper, Guiana, PapillonCayenne
56%
Airbus, Rugby, GaronneToulouse
56%
Winter Olympics, Alps, IsèreGrenoble
53%
Cuisine, Film invention, CanutLyon
51%
Joan of Arc, Cathedral, Monet paintingsRouen
49%
Loire, Petit Beurre, Jules VerneNantes
49%
24 hours, Rillettes, SartheLe Mans
49%
Brittany, Vilaine, Ouest-FranceRennes
44%
Michelin, Massif Central, AuvergneClermont-Ferrand
36%
Cézanne, Calisson, Cours MirabeauAix-en-Provence
24%
Provence, Perfume, Lavender fieldsGrasse
20%

Score Distribution

Percentile by Number Answered

Percent of People with Each Score

Your Score History

You have not taken this quiz